00491nam a2200193 a 4500001001300000003000900013005001700022008004100039020001000080082001300090100002000103245002400123260003300147300000800180500003500188505002800223650002600251700002000277nice12345678IN_TiNIC20260116011809.0050524s1929 teha grp 000 0 per  ac10000a231bLEV aLevonian, Lotfi aIman-Ba-Huda Chist. aTehranbMatba-E-Khawerc1929 a22p aincludes index and biblioraphy2 aHand Written Manuscript aGod-Biblical Teaching1 aLevonian, Lotfi